Comida que começa com P - Statistics

Estatísticas Gerais
  • Esse quiz foi jogado 184 vezes
    182 desde o último reset
  • A pontuação média é 6 de 44
Estatísticas das Respostas
Hint Resposta % Correto
20. Pão
58%
4. Pêssego
58%
3. Pêra
53%
31. Pizza
49%
2. Peru
46%
1. Pato
39%
6. Pimenta
37%
26. Pepino
34%
18. Pudim
34%
32. Porco
29%
33. Presunto
29%
25. Pavê
19%
34. Puré
19%
29. Pinhão
16%
10. Patê
15%
5. Polvo
14%
38. Papaia
11%
42. Pescada
9%
14. Paella
7%
30. Pipocas
7%
13. Panquecas
6%
37. Pão de ló
5%
45. Pombo
5%
35. Paio
4%
44. Pistácio
4%
19. Pota
3%
21. Pastel de Nata
2%
41. Perdiz
2%
11. Pringles
2%
36. Palmier
1%
24. Panacota
1%
39. Pargo
1%
22. Pastel de Belém
1%
15. Pavlola
1%
27. Petit gateau
1%
7. Pimento amarelo
1%
8. Pimento verde
1%
9. Pimento vermelho
1%
16. Profiteroles
1%
23. Pastéis de bacalhau
0%
40. Percebes
0%
43. Pevides
0%
28. Pinholada
0%
12. Piripiri
0%
Nenhum quiz correspondente encontrado
Distribuição das Pontuações
Porcentagem de Pessoas com Cada Pontuação
Percentil de Números Respondidos
Sua Pontuação Histórica
Você não jogou esse quiz desde o último reset